| 000 | 00722cab a22001935a 4500 | ||
|---|---|---|---|
| 001 | L147040 | ||
| 008 | 090325e20090320xxk f 000 0 eng d | ||
| 035 | _a(Sirsi) u147040 | ||
| 041 | 0 | _aeng | |
| 100 | 1 | _aLever, Jon | |
| 245 | 0 | 0 | _aAPC advice |
| 260 | _c2009 | ||
| 490 | 0 |
_aProperty Week _v75(12) 20 March 2009, 42(1) |
|
| 520 | _aDiscusses the steps a candidate needs to take to prepare for the supervisor and councillor review (18 month meeting). Advises candidates to take time to prepare a good draft version of the critical analysis report. | ||
| 590 | _aKA | ||
| 651 | 4 |
_aUnited Kingdom _y |
|
| 690 | _aCAREERS, EDUCATION AND TRAINING-QUALIFICATION ROUTES-ASSESSMENT OF PROFESSIONAL COMPETENCE | ||
| 942 | _n0 | ||
| 999 |
_c81356 _d81356 |
||